[Event "WA Open Blitz Championship"]
[Site "Chess.com"]
[Date "2020.05.25"]
[Round "?"]
[White "Vidyarthi, Vyom"]
[Black "Jammalamadaka, Vihaan"]
[Result "1-0"]
[WhiteElo "2247"]
[BlackElo "1312"]
[PlyCount "67"]
[EventDate "2020.??.??"]
[EventType "blitz"]

1. Nc3 d5 2. d4 c6 3. Bf4 Nf6 4. f3 Bf5 5. g4 Bg6 6. h4 h6 7. h5 Bh7 8. e3 e6
9. Bd3 Bxd3 10. Qxd3 Bb4 11. Nge2 Nbd7 12. a3 Ba5 13. O-O-O Qe7 14. e4 O-O-O
15. g5 hxg5 16. Bxg5 Qd6 17. e5 Qc7 18. exf6 gxf6 19. Bh4 e5 20. dxe5 Nxe5 21.
Qf5+ Kb8 22. Bxf6 Nc4 23. Bxh8 Rxh8 24. Qf6 Re8 25. h6 Qb6 26. Nxd5 cxd5 27.
Qxb6 Bxb6 28. h7 Be3+ 29. Kb1 Rh8 30. Rxd5 Nd2+ 31. Ka2 Nxf3 32. Rd3 Bd4 33.
Rxf3 f6 34. Nxd4 1-0

[Event "WA Open Blitz Championship"]
[Site "Chess.com"]
[Date "2020.05.25"]
[Round "?"]
[White "Razmov, Valentin"]
[Black "Jammalamadaka, Vihaan"]
[Result "1-0"]
[WhiteElo "1986"]
[BlackElo "1312"]
[PlyCount "97"]
[EventDate "2020.??.??"]
[EventType "blitz"]

1. e4 c5 2. Nf3 Nc6 3. Bb5 e6 4. c3 d5 5. Bxc6+ bxc6 6. exd5 cxd5 7. d4 Nf6 8.
Bg5 Be7 9. O-O c4 10. Nbd2 O-O 11. Re1 h6 12. Bh4 Bd7 13. h3 Rb8 14. b3 cxb3
15. axb3 Qb6 16. Bg3 Rbc8 17. c4 Nh5 18. c5 Qb7 19. Be5 f6 20. Bh2 f5 21. Ne5
Bf6 22. Qxh5 Be8 23. Qe2 g5 24. Qa6 Qxa6 25. Rxa6 f4 26. Rxe6 Bh5 27. Ra6 Rc7
28. g4 fxg3 29. Bxg3 Rg7 30. b4 Bxe5 31. Bxe5 Rgf7 32. Bg3 Kh7 33. b5 Bg6 34.
Ree6 Rg7 35. Kg2 h5 36. Be5 Rgf7 37. f3 Rg8 38. Rf6 Re7 39. b6 axb6 40. cxb6
Rc8 41. Rxg6 Rc2 42. Rh6+ Kg8 43. Ra8+ Kf7 44. Rh7+ Ke6 45. Rxe7+ Kxe7 46. b7
Rxd2+ 47. Kf1 Rd1+ 48. Ke2 Rb1 49. b8=Q 1-0

[Event "WA Open Blitz Championship"]
[Site "Chess.com"]
[Date "2020.05.25"]
[Round "?"]
[White "Jammalamadaka, Vihaan"]
[Black "Bell, Harry"]
[Result "1/2-1/2"]
[WhiteElo "1312"]
[BlackElo "2000"]
[PlyCount "96"]
[EventDate "2020.??.??"]
[EventType "blitz"]

1. d4 d5 2. c4 dxc4 3. e3 Nf6 4. Bxc4 e6 5. Nf3 c5 6. Nc3 a6 7. a4 b6 8. O-O
Bb7 9. Be2 Nc6 10. dxc5 Qxd1 11. Rxd1 Bxc5 12. e4 e5 13. Bg5 O-O 14. Bxf6 gxf6
15. Nd5 Kg7 16. Nh4 Bc8 17. Rd3 Nd4 18. Rg3+ Kh8 19. Bh5 f5 20. exf5 Nxf5 21.
Nxf5 Bxf5 22. Nf6 Bg6 23. Rh3 Kg7 24. Bxg6 fxg6 25. Ne4 Bd4 26. Rc1 Rac8 27.
Rxc8 Rxc8 28. Nc3 h5 29. Kf1 Rc4 30. Ke2 Bxc3 31. Rxc3 Rxc3 32. bxc3 b5 33.
axb5 axb5 34. Ke3 Kf6 35. Ke4 Ke6 36. g3 g5 37. h3 g4 38. h4 Kd6 39. Ke3 Kd5
40. Kd3 e4+ 41. Kd2 Kc4 42. Kc2 Kd5 43. Kd2 Kc4 44. Kc2 Kd5 45. Kb3 Kc5 46. Kc2
Kc4 47. Kd2 Kc5 48. Kc2 Kd5 1/2-1/2

[Event "WA Open Blitz Championship"]
[Site "Chess.com"]
[Date "2020.05.25"]
[Round "?"]
[White "Jammalamadaka, Vihaan"]
[Black "Vijayakumar, Advaith"]
[Result "0-1"]
[WhiteElo "1312"]
[BlackElo "2026"]
[PlyCount "86"]
[EventDate "2020.??.??"]
[EventType "blitz"]

1. d4 Nf6 2. c4 g6 3. Nc3 Bg7 4. Nf3 O-O 5. e4 d6 6. Be2 e5 7. dxe5 dxe5 8.
Qxd8 Rxd8 9. Nd5 Nxd5 10. cxd5 c6 11. dxc6 Nxc6 12. O-O Bg4 13. Be3 Bxf3 14.
Bxf3 Nd4 15. Rfd1 Rac8 16. Rac1 b6 17. Bg4 f5 18. exf5 gxf5 19. Bh5 f4 20. Bxd4
exd4 21. Bg4 Rxc1 22. Rxc1 d3 23. Rd1 Bxb2 24. Bf5 d2 25. Kf1 Bc1 26. Ke2 Kg7
27. Kf3 Rd4 28. g3 fxg3 29. hxg3 h6 30. g4 b5 31. Kg3 a5 32. f4 a4 33. Bc2 Rc4
34. Bf5 b4 35. Be6 Rc3+ 36. Kh4 a3 37. g5 hxg5+ 38. Kxg5 b3 39. f5 b2 40. f6+
Kf8 41. Bf5 Rc5 42. Kg6 Rxf5 43. Rh1 Rh5 0-1

[Event "WA Open Blitz Championship"]
[Site "Chess.com"]
[Date "2020.05.25"]
[Round "?"]
[White "Lopez, Francisco"]
[Black "Jammalamadaka, Vihaan"]
[Result "0-1"]
[WhiteElo "1778"]
[BlackElo "1312"]
[PlyCount "50"]
[EventDate "2020.??.??"]
[EventType "blitz"]

1. d4 d5 2. Bf4 c6 3. e3 Nf6 4. Nd2 Bf5 5. Bd3 Bxd3 6. cxd3 e6 7. Qf3 Be7 8.
O-O-O Nbd7 9. Kb1 c5 10. dxc5 Nxc5 11. e4 dxe4 12. dxe4 Qb6 13. e5 Nd5 14. Nc4
Qb5 15. Nd6+ Bxd6 16. exd6 Na4 17. Be5 O-O 18. Ne2 f6 19. Bd4 Rac8 20. Rc1 e5
21. Rxc8 Rxc8 22. d7 Qxd7 23. Bc3 Qb5 24. Qf5 Ndxc3+ 25. Nxc3 Qxb2# 0-1

[Event "WA Open Blitz Championship"]
[Site "Chess.com"]
[Date "2020.05.25"]
[Round "?"]
[White "Jammalamadaka, Vihaan"]
[Black "Vega, Isaac"]
[Result "1-0"]
[WhiteElo "1312"]
[BlackElo "1972"]
[PlyCount "99"]
[EventDate "2020.??.??"]
[EventType "blitz"]

1. d4 Nf6 2. c4 g6 3. Nc3 Bg7 4. e4 d6 5. Nf3 O-O 6. Be2 e5 7. dxe5 dxe5 8.
Qxd8 Rxd8 9. Nd5 Nxd5 10. cxd5 c6 11. dxc6 Nxc6 12. O-O h6 13. h3 Be6 14. Be3
Rd7 15. Rfd1 Rad8 16. b3 b6 17. Rxd7 Rxd7 18. Bb5 Rd6 19. Rc1 Nd4 20. Bxd4 exd4
21. e5 Rd5 22. Bc4 Rc5 23. Nxd4 Bxc4 24. Rxc4 Bxe5 25. Rxc5 bxc5 26. Nc6 Bd4
27. Nxd4 cxd4 28. Kf1 Kg7 29. Ke2 Kf6 30. f4 Ke6 31. Kd3 Kd5 32. a4 a5 33. g4
f5 34. b4 axb4 35. a5 b3 36. a6 b2 37. Kc2 Kc6 38. Kxb2 Kb6 39. Kb3 Kxa6 40.
Kc4 Kb6 41. Kxd4 Kc7 42. gxf5 gxf5 43. Ke5 Kd7 44. Kxf5 Ke7 45. Kg6 Ke6 46. f5+
Ke5 47. f6 Kf4 48. f7 Kg3 49. f8=Q Kxh3 50. Qxh6+ 1-0

[Event "WA Open Blitz Championship"]
[Site "Chess.com"]
[Date "2020.05.25"]
[Round "?"]
[White "Jammalamadaka, Vihaan"]
[Black "Gottumukkala, Anath"]
[Result "0-1"]
[WhiteElo "1312"]
[BlackElo "1785"]
[PlyCount "62"]
[EventDate "2020.??.??"]
[EventType "blitz"]

1. d4 g6 2. c4 Nf6 3. Nc3 Bg7 4. Nf3 d6 5. e4 O-O 6. Be2 e5 7. dxe5 dxe5 8.
Qxd8 Rxd8 9. Nd5 Nxd5 10. cxd5 c6 11. dxc6 Nxc6 12. O-O Bg4 13. h3 Bxf3 14.
Bxf3 Nd4 15. b3 Nxf3+ 16. gxf3 Rd3 17. Kg2 Rad8 18. Ba3 f5 19. exf5 gxf5 20.
Rg1 Kf7 21. Bb2 Bf6 22. Rae1 R8d5 23. Rc1 Rd2 24. Rc7+ Ke6 25. Rb1 Bh4 26. Rxh7
Rxf2+ 27. Kg1 Bg3 28. Rh6+ Kf7 29. Rf1 Rxb2 30. Rh7+ Kg6 31. Rxb7 Rdd2 0-1

[Event "WA Open Blitz Championship"]
[Site "Chess.com"]
[Date "2020.05.25"]
[Round "?"]
[White "Semenov, Fedya"]
[Black "Jammalamadaka, Vihaan"]
[Result "0-1"]
[WhiteElo "1803"]
[BlackElo "1312"]
[PlyCount "116"]
[EventDate "2020.??.??"]
[EventType "blitz"]

1. e4 c5 2. Nf3 Nc6 3. d4 cxd4 4. Nxd4 Nf6 5. Nc3 e6 6. Ndb5 d6 7. Be2 a6 8.
Nd4 d5 9. exd5 Nxd5 10. Nxd5 Qxd5 11. Be3 Be7 12. Bf3 Qd7 13. O-O O-O 14. c3
Nxd4 15. Bxd4 Rb8 16. Be4 f5 17. Bc2 b5 18. Re1 Bb7 19. Bb3 Bd5 20. Qe2 Bf6 21.
Bxd5 exd5 22. Qe6+ Qxe6 23. Rxe6 Bxd4 24. cxd4 a5 25. Re5 Rbd8 26. Rc1 g6 27.
Rc5 Rfe8 28. Kf1 Rxe5 29. dxe5 d4 30. Rxb5 d3 31. Ke1 Kf7 32. Kd2 Ke6 33. Rxa5
g5 34. Ra3 Kxe5 35. Rxd3 Rb8 36. Re3+ Kf4 37. b3 Ra8 38. a4 Rd8+ 39. Ke2 Rc8
40. g3+ Kg4 41. Kd2 Rd8+ 42. Kc2 Rc8+ 43. Kb2 f4 44. gxf4 gxf4 45. Re7 Kf3 46.
Rxh7 Kxf2 47. Rf7 f3 48. b4 Ke2 49. Re7+ Kf1 50. Rf7 f2 51. Kb3 Re8 52. b5 Ke2
53. Rxf2+ Kxf2 54. a5 Ke3 55. b6 Kd4 56. a6 Kc5 57. b7 Kb6 58. h4 Kxa6 0-1

[Event "WA Open Blitz Championship"]
[Site "Chess.com"]
[Date "2020.05.25"]
[Round "?"]
[White "Nallabothula, Varin"]
[Black "Sairam, Pranav"]
[Result "0-1"]
[WhiteElo "1293"]
[BlackElo "2087"]
[PlyCount "90"]
[EventDate "2020.??.??"]
[EventType "blitz"]

1. e4 e5 2. Nf3 Nf6 3. Nc3 Nc6 4. Bb5 Bb4 5. O-O O-O 6. d3 Bxc3 7. bxc3 d6 8.
Bg5 Bd7 9. c4 h6 10. Bxc6 Bxc6 11. Bd2 Rb8 12. Rb1 Nd7 13. Be3 a6 14. Re1 f5
15. exf5 Rxf5 16. Nd2 Qh4 17. g3 Qh3 18. f3 Rbf8 19. Rf1 Nf6 20. g4 Nxg4 21.
Qe2 Nxe3 22. Qxe3 Rg5+ 23. Kf2 Qxh2+ 24. Ke1 Rg2 25. Rf2 Qg1+ 26. Ke2 Rxf2+ 27.
Qxf2 Bxf3+ 28. Nxf3 Qxb1 29. Kd2 Qb4+ 30. c3 Qb2+ 31. Ke3 Qc1+ 32. Ke2 Qc2+ 33.
Ke3 Qxf2+ 34. Kxf2 g5 35. Ke3 g4 36. Nh2 g3 37. Nf1 Rxf1 38. d4 g2 39. dxe5
g1=Q+ 40. Ke2 Qf2+ 41. Kd3 Qf3+ 42. Kc2 Qe2+ 43. Kb3 Rb1+ 44. Ka3 Qb2+ 45. Ka4
Qxa2# 0-1

[Event "WA Open Blitz Championship"]
[Site "Chess.com"]
[Date "2020.05.25"]
[Round "?"]
[White "Moore, Michael"]
[Black "Nallabothula, Varin"]
[Result "1-0"]
[WhiteElo "1950"]
[BlackElo "1293"]
[PlyCount "35"]
[EventDate "2020.??.??"]
[EventType "blitz"]

1. d4 Nf6 2. c4 e6 3. Nf3 Bb4+ 4. Nbd2 Bxd2+ 5. Bxd2 O-O 6. g3 d5 7. Bg2 dxc4
8. Qc2 Nc6 9. e3 Re8 10. Qxc4 e5 11. dxe5 Nxe5 12. Nxe5 Rxe5 13. Bc3 Re6 14.
O-O Ne4 15. Bxe4 b5 16. Qd5 c6 17. Qxd8+ Re8 18. Qxe8# 1-0

[Event "WA Open Blitz Championship"]
[Site "Chess.com"]
[Date "2020.05.25"]
[Round "?"]
[White "Gottumukkala, Anath"]
[Black "Nallabothula, Varin"]
[Result "1-0"]
[WhiteElo "1785"]
[BlackElo "1293"]
[PlyCount "55"]
[EventDate "2020.??.??"]
[EventType "blitz"]

1. Nf3 d5 2. g3 c5 3. Bg2 e6 4. d3 Nf6 5. O-O Bd6 6. Nbd2 O-O 7. e4 dxe4 8.
dxe4 Bc7 9. e5 Nfd7 10. Qe2 Nc6 11. Nc4 b5 12. Nd6 Bxd6 13. exd6 Nf6 14. Qxb5
Bd7 15. Qxc5 Qb6 16. Qg5 Rac8 17. Qh4 Qb4 18. Bg5 Qxb2 19. Rab1 Qc3 20. Rb3
Qxc2 21. Bxf6 gxf6 22. Qxf6 Qxa2 23. Rb5 e5 24. Nxe5 Nd4 25. Ng4 Ne2+ 26. Kh1
h5 27. Rg5+ Kh7 28. Qg7# 1-0

[Event "WA Open Blitz Championship"]
[Site "Chess.com"]
[Date "2020.05.25"]
[Round "?"]
[White "Velea, Stephanie"]
[Black "Nallabothula, Varin"]
[Result "1-0"]
[WhiteElo "1700"]
[BlackElo "1293"]
[PlyCount "35"]
[EventDate "2020.??.??"]
[EventType "blitz"]

1. e4 e5 2. Nf3 Nf6 3. Nxe5 d6 4. Nf3 Nxe4 5. d3 Nf6 6. Nc3 Be7 7. Bg5 Be6 8.
Be2 Nc6 9. Qd2 Qd7 10. d4 d5 11. Ne5 Nxe5 12. dxe5 Ng8 13. h4 O-O-O 14. O-O-O
h6 15. Be3 f6 16. exf6 Bxf6 17. Bxa7 b6 18. Ba6# 1-0

[Event "WA Open Blitz Championship"]
[Site "Chess.com"]
[Date "2020.05.25"]
[Round "?"]
[White "Nallabothula, Varin"]
[Black "Lopez, Francisco"]
[Result "0-1"]
[WhiteElo "1293"]
[BlackElo "1778"]
[PlyCount "196"]
[EventDate "2020.??.??"]
[EventType "blitz"]

1. e4 c5 2. Nc3 Nc6 3. d3 g6 4. g3 Bg7 5. Bg2 Nf6 6. f4 O-O 7. Nf3 d6 8. O-O e5
9. Re1 Bg4 10. h3 Bd7 11. g4 exf4 12. Bxf4 a6 13. Bxd6 Re8 14. Bxc5 b5 15. e5
Nxg4 16. hxg4 Bxg4 17. d4 b4 18. Ne2 Qc7 19. Qd2 Nxe5 20. Nxe5 Rxe5 21. Bxa8
Rh5 22. Qf4 Qd7 23. Qb8+ Qc8 24. Qxc8+ Bxc8 25. Bg2 Rg5 26. Rf1 h5 27. c3 h4
28. Kh2 Bg4 29. Nf4 bxc3 30. bxc3 Bh6 31. Nd5 Be2 32. Rf2 Bc4 33. Ne7+ Kg7 34.
Bd5 Bxd5 35. Nxd5 Rxd5 36. Raf1 f5 37. Re2 Bg5 38. Rg2 Be3 39. Re1 Bf4+ 40. Kh1
Kh6 41. Re6 Bg3 42. Rxa6 f4 43. Rf6 Rd7 44. a4 Rb7 45. Rg1 Rb2 46. Rf1 Rh2+ 47.
Kg1 Rc2 48. d5 h3 49. Bf2 h2+ 50. Kg2 Bxf2 51. Kxh2 Bg3+ 52. Kg1 Rxc3 53. d6
Kg5 54. R6xf4 Bxf4 55. Rd1 Rc8 56. d7 Rd8 57. a5 Kf6 58. a6 Ke6 59. a7 Be3+ 60.
Kf1 Bxa7 61. Re1+ Kxd7 62. Rd1+ Ke7 63. Re1+ Kf7 64. Ra1 Rd7 65. Re1 Bd4 66.
Rd1 Ke6 67. Re1+ Kd5 68. Rd1 Rf7+ 69. Ke2 Re7+ 70. Kd3 Re4 71. Rf1 Re3+ 72. Kd2
Re6 73. Rf8 Ke4 74. Rf1 g5 75. Re1+ Kf5 76. Rf1+ Kg4 77. Rd1 Be3+ 78. Kd3 Bf4
79. Rg1+ Kh3 80. Rh1+ Kg2 81. Ra1 Re3+ 82. Kd4 Rf3 83. Ra2+ Rf2 84. Ra8 g4 85.
Rg8 g3 86. Ke4 Bd2 87. Rg4 Be1 88. Ke3 Rf3+ 89. Ke2 Bf2 90. Rg8 Re3+ 91. Kd2
Kf1 92. Rf8 g2 93. Rg8 Rg3 94. Rf8 g1=Q 95. Rxf2+ Qxf2+ 96. Kd1 Rd3+ 97. Kc1
Qd2+ 98. Kb1 Rb3+ 0-1

[Event "WA Open Blitz Championship"]
[Site "Chess.com"]
[Date "2020.05.25"]
[Round "?"]
[White "Nallabothula, Varin"]
[Black "Stein, Daniel"]
[Result "0-1"]
[WhiteElo "1293"]
[BlackElo "1555"]
[PlyCount "104"]
[EventDate "2020.??.??"]
[EventType "blitz"]

1. e4 e5 2. Nf3 Nc6 3. Bb5 Nf6 4. O-O Bc5 5. Bxc6 dxc6 6. d3 Qd6 7. a3 a6 8. b4
Ba7 9. c4 c5 10. Nc3 O-O 11. bxc5 Bxc5 12. Nd5 c6 13. Nxf6+ Qxf6 14. h3 h6 15.
Bb2 Re8 16. a4 b5 17. axb5 Bb7 18. bxa6 Bxa6 19. Ra5 Qd6 20. Qa1 Bb7 21. Bc3
Qxd3 22. Rxa8 Rxa8 23. Qb2 Ba6 24. Ra1 f6 25. Ra5 Bd6 26. Qa1 Qxc4 27. Nd2 Qd3
28. Kh2 Bc7 29. Ra3 Qe2 30. Kg1 Bb6 31. Qf1 Qxf1+ 32. Nxf1 Bb7 33. Rxa8+ Bxa8
34. Ne3 Kf7 35. Nc4 Bd4 36. Bd2 c5 37. Nb6 Bxe4 38. Kf1 Bc6 39. f3 Ke6 40. Nc4
Bb5 41. Ke1 Bxc4 42. Kd1 Kd5 43. Kc2 e4 44. Bxh6 gxh6 45. fxe4+ Kxe4 46. Kd2
Bd3 47. g4 f5 48. g5 c4 49. gxh6 c3+ 50. Kc1 Be3+ 51. Kd1 c2+ 52. Ke1 c1=R# 0-1

[Event "WA Open Blitz Championship"]
[Site "Chess.com"]
[Date "2020.05.25"]
[Round "?"]
[White "Vijayakumar, Advaith"]
[Black "Suess, Wade"]
[Result "1-0"]
[WhiteElo "2026"]
[BlackElo "1195"]
[PlyCount "135"]
[EventDate "2020.??.??"]
[EventType "blitz"]

1. Nf3 d5 2. g3 c5 3. Bg2 Nc6 4. O-O e5 5. d3 Nf6 6. b3 Bf5 7. Bb2 Bd6 8. Nbd2
O-O 9. c4 dxc4 10. Nxc4 e4 11. dxe4 Bxe4 12. Qxd6 Bxf3 13. Qxd8 Raxd8 14. Bxf3
Nd4 15. Bxd4 Rxd4 16. Rfd1 Rfd8 17. Rxd4 Rxd4 18. e3 Rd3 19. Rd1 Rxd1+ 20. Bxd1
Nd5 21. Bc2 Nc3 22. a3 f6 23. Kf1 Kf7 24. Ke1 h6 25. Kd2 Nb5 26. Bd3 Ke6 27. a4
Nc7 28. Be4 b6 29. Kd3 Na6 30. Kc3 Nc7 31. a5 Nb5+ 32. Kb2 bxa5 33. Nxa5 a6 34.
Bd3 Kd5 35. Bxb5 axb5 36. Kc3 b4+ 37. Kd3 f5 38. f3 g5 39. e4+ fxe4+ 40. fxe4+
Ke5 41. Nc4+ Ke6 42. e5 Kd5 43. g4 Ke6 44. Ke4 Kf7 45. Kf5 Kg7 46. e6 Kf8 47.
Kf6 Ke8 48. e7 Kd7 49. Kf7 Kc6 50. e8=Q+ Kd5 51. Qe6+ Kd4 52. Qe5+ Kd3 53. Qe3+
Kc2 54. Qd2+ Kxb3 55. Na5+ Ka3 56. Ke6 Ka4 57. Kd5 Kxa5 58. Kxc5 Ka6 59. Qd6+
Kb7 60. Qd7+ Ka6 61. Qc7 b3 62. Qb8 Ka5 63. h4 gxh4 64. g5 b2 65. g6 h3 66. g7
h2 67. g8=N h1=Q 68. Qb5# 1-0

[Event "WA Open Blitz Championship"]
[Site "Chess.com"]
[Date "2020.05.25"]
[Round "?"]
[White "Velea, Stephanie"]
[Black "Suess, Wade"]
[Result "0-1"]
[WhiteElo "1700"]
[BlackElo "1195"]
[PlyCount "126"]
[EventDate "2020.??.??"]
[EventType "blitz"]

1. e4 e5 2. Nf3 Nc6 3. Bc4 Nf6 4. d3 Bc5 5. O-O d6 6. c3 O-O 7. Nbd2 Re8 8. h3
Bd7 9. Re1 Qe7 10. Nf1 Nd8 11. Ng3 Ne6 12. Nf5 Qd8 13. Be3 Bb6 14. a4 c6 15. b4
Bc7 16. a5 Nf8 17. Qb3 Be6 18. Ng5 Bxc4 19. Qxc4 Qd7 20. Bd2 d5 21. exd5 cxd5
22. Qc5 b6 23. axb6 Bxb6 24. Qd6 Qxf5 25. Be3 Bxe3 26. Rxe3 Qd7 27. Qxd7 N6xd7
28. Nf3 Ng6 29. Ra5 Nb6 30. Nd2 Rac8 31. Rc5 Rxc5 32. bxc5 Na4 33. d4 h6 34.
Nb3 Re7 35. dxe5 Rxe5 36. Rxe5 Nxe5 37. f4 Nc6 38. Nd4 Nxd4 39. cxd4 Kf8 40.
Kf2 Ke7 41. Ke2 Nc3+ 42. Kd3 Ne4 43. Kc2 Kd7 44. Kb3 Kc6 45. Ka4 g5 46. fxg5
hxg5 47. Ka5 Nc3 48. Ka6 Nb5 49. Ka5 Nxd4 50. g3 Kxc5 51. h4 gxh4 52. gxh4 Nf5
53. h5 d4 54. Ka4 Kc4 55. Ka3 Kc3 56. Ka2 Kc2 57. Ka1 d3 58. Ka2 d2 59. h6 Nxh6
60. Ka1 d1=Q+ 61. Ka2 Qd3 62. Ka1 Qb5 63. Ka2 Qb2# 0-1

[Event "WA Open Blitz Championship"]
[Site "Chess.com"]
[Date "2020.05.25"]
[Round "?"]
[White "Suess, Wade"]
[Black "Vega, Isaac"]
[Result "0-1"]
[WhiteElo "1195"]
[BlackElo "1972"]
[PlyCount "138"]
[EventDate "2020.??.??"]
[EventType "blitz"]

1. e4 c5 2. Nf3 e6 3. d4 cxd4 4. Nxd4 a6 5. Nc3 Qc7 6. Be3 Bb4 7. Qd2 Nf6 8. f3
d5 9. exd5 Nxd5 10. Nde2 Nxe3 11. Qxe3 Bc5 12. Qd2 O-O 13. Ng3 Nc6 14. Bd3 f5
15. O-O-O b5 16. Qg5 h6 17. Qg6 Ne5 18. Qh5 Nc4 19. Bxc4 bxc4 20. Qh4 Be3+ 21.
Kb1 Rb8 22. Ka1 Qb6 23. Rb1 Bd4 24. Nd1 e5 25. Ne2 Bc5 26. Qxc4+ Kh8 27. Nec3
Be6 28. Qa4 Bd4 29. Re1 Rfc8 30. Qa3 Bf7 31. Re2 Rc5 32. Na4 Qa5 33. c3 Rc4 34.
b3 Rxa4 35. bxa4 Rxb1+ 36. Kxb1 Bc5 37. Qb2 Qxa4 38. Rxe5 Ba3 39. Qb3 Qf4 40.
Qb8+ Kh7 41. Kc2 Qc1+ 42. Kd3 Qxd1+ 43. Ke3 Bd6 44. Qb3 Qxb3 45. axb3 Bxe5 46.
b4 Bxc3 47. Kd3 Bxb4 48. Kc2 a5 49. Kb2 a4 50. Kc2 g5 51. Kb2 Kg7 52. Kc2 Kf6
53. Kb2 Ke5 54. Kc2 f4 55. Kb2 Kd4 56. Kc2 Ke3 57. Kd1 Kf2 58. Kc2 Kxg2 59. Kb1
Kxf3 60. Kc2 Ke2 61. Kb1 f3 62. Kc2 f2 63. Kb1 f1=Q+ 64. Kc2 Bg6+ 65. Kb2 Qf6+
66. Ka2 Bf7+ 67. Kb1 Ba3 68. Kc2 Qc6+ 69. Kb1 Qc1# 0-1

[Event "WA Open Blitz Championship"]
[Site "Chess.com"]
[Date "2020.05.25"]
[Round "?"]
[White "Bell, Harry"]
[Black "Suess, Wade"]
[Result "1-0"]
[WhiteElo "2000"]
[BlackElo "1195"]
[PlyCount "49"]
[EventDate "2020.??.??"]
[EventType "blitz"]

1. Nf3 d5 2. d4 Nf6 3. Bf4 e6 4. e3 c5 5. c4 Nc6 6. Nc3 b6 7. cxd5 Nxd5 8. Nxd5
Qxd5 9. Bb5 Bb7 10. O-O Be7 11. dxc5 Qxd1 12. Rfxd1 Bxc5 13. Ne5 Rc8 14. a3 O-O
15. b4 Be7 16. Nxc6 Bxc6 17. Bxc6 Rxc6 18. Rd7 Bf6 19. Rad1 a5 20. bxa5 bxa5
21. h3 Bb2 22. Ra7 Rc5 23. Bd6 Rf5 24. Bxf8 Kxf8 25. Rd8# 1-0

[Event "WA Open Blitz Championship"]
[Site "Chess.com"]
[Date "2020.05.25"]
[Round "?"]
[White "Suess, Wade"]
[Black "Jammalamadaka, Vihaan"]
[Result "0-1"]
[WhiteElo "1195"]
[BlackElo "1312"]
[PlyCount "110"]
[EventDate "2020.??.??"]
[EventType "blitz"]

1. e4 c5 2. Nf3 Nc6 3. d4 cxd4 4. Nxd4 Nf6 5. Nc3 e6 6. Be3 Bb4 7. Qf3 Qa5 8.
Nde2 Ne5 9. Qg3 Ng6 10. f3 d5 11. exd5 Nxd5 12. Bd2 O-O 13. a3 b6 14. Rd1 Bxc3
15. Nxc3 Nxc3 16. Bxc3 Qf5 17. Bd3 Qc5 18. Qf2 Qxf2+ 19. Kxf2 Bb7 20. Rhe1 Rac8
21. Kg1 Rfd8 22. Be2 Nf4 23. Rxd8+ Rxd8 24. Bc4 h6 25. Kf2 a6 26. g3 Nh3+ 27.
Kg2 Ng5 28. Be2 f6 29. Rf1 e5 30. Kg1 e4 31. f4 Nh3+ 32. Kg2 Bc8 33. Bc4+ Kh7
34. Re1 Re8 35. Bd5 g5 36. fxg5 Nxg5 37. Bd2 f5 38. Bxg5 hxg5 39. Bc4 Kg6 40.
Rg1 f4 41. gxf4 gxf4 42. Kf2+ Kf5 43. Ke2 f3+ 44. Ke3 Bb7 45. Rf1 b5 46. Bb3
Rd8 47. Rh1 Rg8 48. Rf1 Rg2 49. Rf2 Rxf2 50. Kxf2 Kf4 51. h4 e3+ 52. Ke1 f2+
53. Kf1 Kf3 54. Bd5+ Bxd5 55. c4 e2# 0-1

[Event "WA Open Blitz Championship"]
[Site "Chess.com"]
[Date "2020.05.25"]
[Round "?"]
[White "Suess, Wade"]
[Black "Shapiro, Michael"]
[Result "1-0"]
[WhiteElo "1195"]
[BlackElo "1502"]
[PlyCount "55"]
[EventDate "2020.??.??"]
[EventType "blitz"]

1. e4 e5 2. Nf3 Nc6 3. d4 exd4 4. Nxd4 d6 5. Be3 Nf6 6. Nxc6 bxc6 7. Nc3 Be7 8.
Bc4 O-O 9. O-O Bb7 10. f3 c5 11. Qe2 Nd7 12. Nd5 Bf6 13. Nxf6+ Nxf6 14. Bg5 h6
15. Bh4 Qe7 16. Rae1 Qe5 17. c3 Nd7 18. f4 Qe8 19. Qf3 Nb6 20. Bb3 Qd7 21. Qg3
Kh8 22. Bc2 Rae8 23. e5 Qc6 24. Rf2 Qb5 25. b3 c4 26. bxc4 Nxc4 27. Qd3 dxe5
28. Qh7# 1-0

[Event "WA Open Blitz Championship"]
[Site "Chess.com"]
[Date "2020.05.25"]
[Round "?"]
[White "Suess, Wade"]
[Black "Ackerman, Ryan"]
[Result "0-1"]
[WhiteElo "1195"]
[BlackElo "1922"]
[PlyCount "76"]
[EventDate "2020.??.??"]
[EventType "blitz"]

1. e4 e6 2. c4 d5 3. cxd5 exd5 4. exd5 Nf6 5. Nc3 Nxd5 6. Bc4 Be6 7. Qf3 c6 8.
Bb3 Be7 9. Nge2 O-O 10. Nd4 Bf6 11. Nxe6 fxe6 12. O-O Bxc3 13. dxc3 Rxf3 14.
gxf3 Nd7 15. Kh1 Nc5 16. Rg1 Nxb3 17. axb3 Qf6 18. Bg5 Qxf3+ 19. Rg2 Nf4 20.
Bxf4 Qxf4 21. Rag1 g6 22. b4 Rf8 23. Re1 e5 24. Reg1 Qe4 25. Rf1 Qe2 26. Kg1 e4
27. f3 Qe3+ 28. Rgf2 Rxf3 29. Kg2 Rxf2+ 30. Rxf2 Qd3 31. Rf1 e3 32. Rf3 Qd2+
33. Kg3 e2 34. Rf2 Qg5+ 35. Kf3 e1=Q 36. Re2 Qf5+ 37. Ke3 Qe5+ 38. Kd3 Q1xe2#
0-1

[Event "WA Open Blitz Championship"]
[Site "Chess.com"]
[Date "2020.05.25"]
[Round "?"]
[White "Rao, Pradeep"]
[Black "Bell, Harry"]
[Result "0-1"]
[WhiteElo "1158"]
[BlackElo "2000"]
[PlyCount "84"]
[EventDate "2020.??.??"]
[EventType "blitz"]

1. e4 e5 2. Bc4 Nf6 3. Nc3 Nxe4 4. Nxe4 d5 5. Bb3 dxe4 6. Qe2 Bf5 7. d3 exd3 8.
Qxe5+ Qe7 9. Qxe7+ Bxe7 10. cxd3 Bxd3 11. Nf3 Nc6 12. Be3 Bb4+ 13. Bd2 O-O-O
14. Bxb4 Nxb4 15. O-O-O Bg6 16. Ne5 f6 17. Nxg6 hxg6 18. Rxd8+ Rxd8 19. Bf7
Nd3+ 20. Kc2 Nxf2 21. Rf1 Ne4 22. Bxg6 Nc5 23. Re1 Nd7 24. Re7 Ne5 25. Bh5 g5
26. h3 Rd7 27. Bg4 Nxg4 28. hxg4 Rxe7 29. Kd3 Re4 30. Kxe4 Kd7 31. Kf5 Ke7 32.
g3 c5 33. b3 b5 34. a3 c4 35. bxc4 bxc4 36. Ke4 Ke6 37. Kd4 f5 38. gxf5+ Kxf5
39. Kxc4 Kg4 40. Kd3 Kxg3 41. Ke2 Kh2 42. Kf1 g4 0-1

[Event "WA Open Blitz Championship"]
[Site "Chess.com"]
[Date "2020.05.25"]
[Round "?"]
[White "Rao, Pradeep"]
[Black "Semenov, Fedya"]
[Result "0-1"]
[WhiteElo "1158"]
[BlackElo "1803"]
[PlyCount "92"]
[EventDate "2020.??.??"]
[EventType "blitz"]

1. e4 e6 2. Bc4 d5 3. exd5 exd5 4. Bb3 Nf6 5. d4 c6 6. Nf3 Bd6 7. O-O O-O 8.
Bg5 h6 9. Bh4 Bf5 10. c4 dxc4 11. Bxc4 Nbd7 12. Nc3 Nb6 13. Bb3 g5 14. Nxg5
hxg5 15. Bxg5 Bg6 16. Re1 Be7 17. Bc2 Nfd5 18. Bh6 Re8 19. Bxg6 fxg6 20. Qg4
Kh7 21. Re6 Bf6 22. Rxe8 Qxe8 23. Bg5 Bxg5 24. Qxg5 Qe7 25. Qg3 Re8 26. h3 Nxc3
27. bxc3 Nd5 28. c4 Nf6 29. Rd1 Kg7 30. d5 cxd5 31. cxd5 Ne4 32. Qf3 Qf6 33.
Qd3 Qxf2+ 34. Kh1 Ng3+ 35. Kh2 Ne4 36. d6 Qf4+ 37. Kg1 Nxd6 38. Qxd6 Qe3+ 39.
Kh2 Qe5+ 40. Qxe5+ Rxe5 41. Rd7+ Kf6 42. Rxb7 Ra5 43. g4 Rxa2+ 44. Kg3 Ra3+ 45.
Kh4 g5+ 46. Kh5 Rxh3# 0-1

[Event "WA Open Blitz Championship"]
[Site "Chess.com"]
[Date "2020.05.25"]
[Round "?"]
[White "Vemparala, Nikash"]
[Black "Rao, Pradeep"]
[Result "1-0"]
[WhiteElo "1684"]
[BlackElo "1158"]
[PlyCount "53"]
[EventDate "2020.??.??"]
[EventType "blitz"]

1. e4 e5 2. Nf3 Nc6 3. Bc4 d6 4. d3 Nf6 5. Ng5 d5 6. exd5 Na5 7. Bb5+ c6 8.
dxc6 bxc6 9. Ba4 Be7 10. O-O O-O 11. Qf3 c5 12. Qxa8 h6 13. Ne4 Nxe4 14. Qxe4
Bf6 15. Nc3 Re8 16. Bxe8 Qxe8 17. Qa4 Qe6 18. Qxa5 Qg4 19. Qxc5 Qg6 20. Qxc8+
Kh7 21. g4 h5 22. Qf5 hxg4 23. Qxg6+ fxg6 24. Ne4 Kg8 25. Nxf6+ gxf6 26. Be3
Kf7 27. Bxa7 1-0

[Event "WA Open Blitz Championship"]
[Site "Chess.com"]
[Date "2020.05.25"]
[Round "?"]
[White "Rao, Pradeep"]
[Black "Nallabothula, Varin"]
[Result "0-1"]
[WhiteElo "1158"]
[BlackElo "1293"]
[PlyCount "120"]
[EventDate "2020.??.??"]
[EventType "blitz"]

1. e4 e5 2. Bc4 Nf6 3. Nc3 Bb4 4. d3 d5 5. exd5 Nxd5 6. Bd2 Nxc3 7. bxc3 Bc5 8.
Nf3 Nc6 9. O-O O-O 10. Re1 Re8 11. Bb5 Bg4 12. h3 Bxf3 13. Qxf3 Qd6 14. Qg3 a6
15. Bc4 b5 16. Bb3 Na5 17. Be3 Bxe3 18. Rxe3 Nxb3 19. cxb3 f5 20. Qg5 f4 21.
Re4 Qxd3 22. Rxe5 Qxc3 23. Rxe8+ Rxe8 24. Rf1 Qf6 25. Qc5 Qd6 26. Qc3 Rf8 27.
Re1 f3 28. gxf3 Qg6+ 29. Kh2 Qd6+ 30. Kg2 Qf4 31. Re4 Qg5+ 32. Rg4 Qf6 33. Qxc7
Qxf3+ 34. Kh2 Qxf2+ 35. Rg2 Qf4+ 36. Qxf4 Rxf4 37. Rd2 Rf8 38. Rd6 Rf2+ 39. Kg3
Rxa2 40. Kg4 a5 41. Ra6 a4 42. bxa4 bxa4 43. h4 a3 44. Kg5 Ra1 45. h5 a2 46.
Ra8+ Kf7 47. Ra7+ Ke8 48. Ra8+ Kd7 49. Ra7+ Kc6 50. Rxg7 Rg1+ 51. Kf6 a1=Q+ 52.
Kf7 Qxg7+ 53. Ke6 Re1+ 54. Kf5 Qe5+ 55. Kg4 Re4+ 56. Kh3 Qf5+ 57. Kg3 Qd5 58.
Kf3 Qd3+ 59. Kg2 Re2+ 60. Kf1 Qd1# 0-1